| 000 | 00595nam a22001937a 4500 | ||
|---|---|---|---|
| 003 | BD-DhUL | ||
| 005 | 20210228121845.0 | ||
| 008 | 160807b xxu||||| |||| 00| 0 eng d | ||
| 040 |
_cBD-DhUL _dBD-DhUL _dBD-DhUL |
||
| 050 |
_a342.42 _bSHC |
||
| 082 |
_a342.2 _bSHC |
||
| 100 | 1 | _aShahani, M. S. | |
| 245 |
_aConstitutional law of England : _ban introductory manual / _cM. S. Shahani. |
||
| 260 |
_aBombay: _bButterworth, _c1939. |
||
| 300 |
_axv, 259p.: _bill.; _c22cm. |
||
| 504 | _aincludes bibliographycal references and index. | ||
| 650 | 4 |
_aConstitutional law _zEngland. |
|
| 942 |
_2ddc _cBK |
||
| 999 |
_c94611 _d94611 |
||